Marvel characters by Minifigures - Statistics

General Stats
  • This quiz has been taken 18 times
  • The average score is 15 of 16
Answer Stats
Picture Answer % Correct
Black Panther
100%
Captain America
100%
Hawkeye
100%
Hulk
100%
Iron Man
100%
Loki
100%
spider man
100%
Thor
100%
black widow
94%
Bucky
94%
Scarlet Witch
94%
Vision
94%
Captain Marvel
88%
Quicksilver
88%
Thanos
88%
Ultron
76%
No matching quizzes found
Score Distribution
Percent of People with Each Score
Percentile by Number Answered
Your Score History
You have not taken this quiz